000 00826nam a2200217 i 4500
001 96601
003 ES-MaACL
005 20250917063043.0
007 t|
008 050628s1947 sp |||| | lat d
100 1 _aMaldonado, Juan de,
_d1533-1583
_9162949
245 1 0 _aMiscellanea de Maldonato
_b: anno ab eius nativitate quater centenario (1534?-1934) /
_cJuan Maldonado ; praeparavit et edidit Romualdus Galdos.
260 _aMadrid :
_bAldecoa,
_c1947.
300 _a150 p. ;
_c25 cm.
594 _aPrecede al tít.: Consejo Superior de Investigaciones Científicas... Instituto "Francisco Suárez"
600 1 7 _aMaldonado, Juan de,
_d1533-1583
_2
_9162949
700 1 _aGaldós, Romualdo.
_953357
710 2 _aInstituto "Francisco Suárez"
_95062
852 _aES-MaACL
_jC-4659
999 _c96601
_d96601